000 00391nam a2200157Ia 4500
005 20250606023221.0
008 240331s9999 xx 000 0 und d
020 _a9559671502
082 _bABE
_a305
100 _aAbesinghe,R
245 0 _aLajjawa
260 _aKandy
_bArya Printers
_c1999
300 _a75 p .,
500 _aA psychiatric investigation into excessive shyness
942 _cL
999 _c5273
_d5273